000 00282nam a2200109Ia 4500
008 220204s9999 xx 000 0 und d
082 _a681.2
_bFRI
100 _aFribance, Austin E
245 0 _aIndustrial instrumentation fundamentals
260 _aNew Delhi
_bTMH
_c1962
942 _cBK
999 _c24775
_d24775